Tramwaje w czechach - Statystyki

Ogólne statystyki
  • Ten quiz został rozwiązany 9 razy
  • Średni wynik to 6 z 10
Statystyki odpowiedzi
Ludność Miasto % Poprawnych
400.566 Brno
100%
1.384.732 Praga
100%
107.982 Liberec
89%
284.765 Ostrawa
89%
185.599 Pilzno
67%
102.293 Ołomuniec
56%
63.882 Most
44%
27.397 Litvinov
22%
46.226 Jablonec nad Nysą
11%
4.651 Modrice
0%
Nie znaleziono quizów pasujących do podanych kryteriów
Rozkład punktacji
Procent ludzi z każdym wynikiem
Percentyl według liczby udzielonych odpowiedzi
Twoja historia wyników
Nie rozwiązałeś tego quizu